000 00502nam a2200193Ia 4500
008 210417s9999 xx 000 0 und d
020 _a9789385285257
020 _b9385285254
082 _a791.43028092 KHA
082 _b22.791.43028092 KHA
245 0 _aSRK : 25 years of a life
245 0 _cSRK 25 years of a life
250 _b"181 p. : col. ill. ; 32cm., hbk"
260 _aNew Delhi
260 _bNiyogi Books
260 _c2016
700 _a" Khan, Samar"
700 _b Samar Khan
999 _c489105
_d489105